|
|
|
|
| LEADER |
01013nam a2200277 u 4500 |
| 001 |
10038824 |
| 003 |
upatras |
| 005 |
20250529063452.0 |
| 008 |
010126s1999 us eng |
| 020 |
|
|
|a 0804732752
|
| 040 |
|
|
|a GR-PaULI
|c GR-PaULI
|
| 041 |
0 |
|
|a eng
|
| 082 |
0 |
4 |
|a 808.51
|
| 100 |
1 |
|
|a Derrida, Jacques,
|d 1930-2004
|9 7885
|
| 245 |
1 |
0 |
|a Adieu to Emmanuel Levinas
|c Jacques Derrida
|
| 260 |
|
|
|a Stanford
|b Stanford University Press
|c 1999
|
| 300 |
|
|
|a ix, 152 p.
|c 21 cm.
|
| 490 |
0 |
|
|a Crossing aesthetics
|
| 650 |
|
4 |
|a Ομιλίες, λόγοι κλπ., Ελληνικοί
|9 929
|
| 650 |
|
4 |
|a Ρητορικοί λόγοι
|9 930
|
| 760 |
0 |
|
|a Crossing aesthetics
|
| 852 |
|
|
|a GR-PaULI
|b ΠΑΤΡΑ
|b ΑΡΧΙΤΕΚΤΟΝΙΚΗ
|k ΑΣΧΞ-2
|h 808.51 D
|m 001192
|p 025000089705
|t 1
|
| 942 |
|
|
|2 ddc
|c BK15
|
| 952 |
|
|
|0 0
|1 0
|4 0
|6 808_510000000000000_D
|7 0
|9 25203
|a ARCH
|b ARCH
|d 2016-04-24
|i 001192
|l 0
|o 808.51 D
|p 025000089705
|r 2016-04-24 00:00:00
|t 1
|w 2016-04-24
|y BK15
|
| 998 |
|
|
|c MANIAKH
|d 2001-01
|
| 999 |
|
|
|c 15953
|d 15953
|